| 000 | 00659nam a2200217Ia 4500 | ||
|---|---|---|---|
| 003 | GCL | ||
| 008 | 140319s9999 xx 000 0 ara d | ||
| 040 |
_aGCL / _cGCL |
||
| 082 | 0 | 4 |
_aط _b507 _bب م |
| 100 | 1 | _aمحمد امين سليمان | |
| 245 | 1 | 0 |
_aالموسوعة العلمية الاولى للأطفال / _cمحمد امين سليمان |
| 260 |
_a[S.N] : _bمركز الاهرام للترجمة والنشر ، _c1985 |
||
| 300 | _a93 ص | ||
| 490 | _a | ||
| 650 | 0 | 4 | _aدوائر المعارف |
| 650 | 0 | 4 | _aالعلم |
| 650 | 0 | 4 | _aالاطفال |
| 650 | 0 | 4 | _aدائرة معارف |
| 650 | 0 | 4 | _aالعلوم |
| 942 |
_2ddc _cBK |
||
| 999 |
_c56394 _d56394 |
||